logo

Bir Sreshtho Munshi Abdur Rouf Library
Jhenaidah Cadet College

Modern English handbook / (Record no. 9083)

MARC details
000 -LEADER
fixed length control field 00891cam a2200289 4500
001 - CONTROL NUMBER
JCCL Control Number 9083
003 - CONTROL NUMBER IDENTIFIER
JCCL marc code BD-JhCC
005 - DATE AND TIME OF LATEST TRANSACTION
control field 20180315093706.0
008 - FIXED-LENGTH DATA ELEMENTS--GENERAL INFORMATION
fixed length control field 720428s1972 nju 001 0 eng
020 ## - INTERNATIONAL STANDARD BOOK NUMBER
International Standard Book Number 0135942004
035 ## - SYSTEM CONTROL NUMBER
system control number (BD-JhCC)9083
040 ## - CATALOGING SOURCE
Original cataloging agency DLC
Transcribing agency DLC
Modifying agency DLC
-- BD-JhCC
041 ## - LANGUAGE CODE
Language code of Book eng
050 00 - LIBRARY OF CONGRESS CALL NUMBER
Classification number PE1408
Item number .G63 1972
082 00 - DEWEY DECIMAL CLASSIFICATION NUMBER
Classification number 808/.042
Author mark and Year GOR 1972
100 1# - MAIN ENTRY--PERSONAL NAME
Personal name Gorrell, Robert M.
245 10 - TITLE STATEMENT
Title Modern English handbook /
Statement of responsibility, etc Robert M. Gorrell and Charlton Laird.
250 ## - EDITION STATEMENT
Edition statement 5th ed.
260 ## - PUBLICATION, DISTRIBUTION, ETC. (IMPRINT)
Place of publication, distribution, etc Englewood Cliffs, N.J.,
Name of publisher, distributor, etc Prentice-Hall
Date of publication, distribution, etc 1972
300 ## - PHYSICAL DESCRIPTION
Pagination 615 p.
Dimensions 20 cm.
650 #0 - SUBJECT ADDED ENTRY--TOPICAL TERM
Topical term or geographic name as entry element English language
General subdivision Rhetoric
-- Handbooks, manuals, etc.
650 #0 - SUBJECT ADDED ENTRY--TOPICAL TERM
Topical term or geographic name as entry element English language
General subdivision Grammar
-- Handbooks, manuals, etc.
650 #0 - SUBJECT ADDED ENTRY--TOPICAL TERM
Topical term or geographic name as entry element Report writing
General subdivision Handbooks, manuals, etc.
700 1# - ADDED ENTRY--PERSONAL NAME
Personal name Laird, Charlton Grant,
Dates associated with a name 1901-
942 ## - ADDED ENTRY ELEMENTS (KOHA)
Source of classification or shelving scheme Dewey Decimal Classification
Koha item type Books
Holdings
Source of classification or shelving scheme Damaged status Not for loan Home library Current library Shelving location Date of accession Total Checkouts Full call number Barcode Date last seen Date checked out Copy number Koha item type
Dewey Decimal Classification     JCC Rouf Library JCC Rouf Library General Stacks 03/03/2024 1 808/.042 GOR 1972 12137 03/04/2024 03/03/2024 C - 1 Books

JCC Library | Contacts | JCC Home

Last Update on 23 September 2017
Copyright @ 2017-2020 JCC Rouf Library
Rouf Library, Jhenidah Cadet College (JCC), Bangladesh